000 nam a22 a 4500
999 _c2436
_d2436
005 20170516123537.0
008 170516s2010 my ||||| |||| 00| 0 eng d
040 _aAKMAL
082 _a343.5950855 MAL
090 _a343.5950855
_bMAL
110 _aMalaysia
_bKementerian Perdagangan Antarabangsa dan Industri
_9514
245 1 0 _aAkta Perdagangan Strategik 2010 : Peraturan-Peraturan Perdagangan Strategik ( Resolusi Majlis Keselamatan Pertubuhan Bangsa-Bangsa Bersatu) 2010 [P.U.(A) 481/2010] =
_bStrategic Trade Act 2010 : Strategic Trade United ( United Nations Security Council Resolutions) Regulations 2010 [P.U.(A) 481/2010] .
260 _aKuala Lumpur;
_bPercetakan Nasional Berhad,
_c2010.
300 _a202pages
_c25cm
490 1 _aUndang-undang Malaysia
500 _aJuga Mengandungi tajuk - Peraturan-Peraturan Perdagangan Strategik 2010 = Strategic Trade Regulations 2010 [P.U.(A) 482/2010] Peraturan-peraturan Perdagangan Strategik (Pindaan Jadual) 2010 = Strategic Trade ( Amendment Of Schedule) Order 2010 [P.U.(A) 483/2010] Perintah Perdagangan Strategik (Pengguna Akhir Terhad dan Pengguna Akhir Terlarang) 2010 = Strategic Trade( Restricted End-Users and Prohibited End-Users) Order 2010 [P.U.(A) 484/2010]
500 _aTeks sejajar dalam bahasa Malaysia dan Inggeris
650 1 _aTrade regulation
_zMalaysia
_92454
650 2 _aAdministrative acts
_xLaw and legislation
_zMalaysia
_95046
710 _aKementerian Perdagangan Antarabangsa dan Industri
_95047
942 _2ddc
_cBOOK
950 _lAKMAL